00430pam a2200169a 44500008004100000020001500041082001700056100002400073245003300097260004200130300001000172502000900182700001900191700002000210906001100230999001900241230405s2006 xxu||||| |||| 00| 0 eng d a0874934613 a616.025bHAZ aHazinski, Mary Fran aBLS for Healthcare Providers aUSAbAmerican Heart Associationc2006 a80 p. atext aO'Neill, Lindy aGonzales, Louis a003255 c252666d252666